All Countries that are applicants to the Eu - Statistics

General Stats
  • This quiz has been taken 50 times
    30 since last reset
  • The average score is 8 of 9
Answer Stats
Year Country % Correct
Applied in 2008 Montenegro
96%
Applied in 2009 Serbia
96%
Applied in 2009 Albania
92%
Applied in 2022 Bosnia and Herzegovina
92%
Applied in 2016 Georgia
92%
Applied in 2022 Ukraine
92%
Applied in 2022 Moldova
88%
Applied in 2004 North Macedonia
88%
Applied in 1987 Turkey
88%
No matching quizzes found
Score Distribution
Percent of People with Each Score
Percentile by Number Answered
Your Score History
You have not taken this quiz since the last reset